The JCT management contract : a practical guide (Record no. 95801)

MARC details
000 -LEADER
fixed length control field 00523cam a2200205 4500
008 - FIXED-LENGTH DATA ELEMENTS--GENERAL INFORMATION
fixed length control field 090401t1988 xxu||||| |||| 00| 0 eng d
020 ## - INTERNATIONAL STANDARD BOOK NUMBER
International Standard Book Number 1870080823
035 ## - SYSTEM CONTROL NUMBER
System control number (Sirsi) u74287
041 ## - LANGUAGE CODE
Language code of text/sound track or separate title eng
050 ## - LIBRARY OF CONGRESS CALL NUMBER
Classification number 658.99
100 ## - MAIN ENTRY--PERSONAL NAME
Personal name Powell-Smith, Vincent
245 #4 - TITLE STATEMENT
Title The JCT management contract : a practical guide
260 ## - PUBLICATION, DISTRIBUTION, ETC.
Place of publication, distribution, etc. Brentford,Mdx
Name of publisher, distributor, etc. Kluwer Publishing
Date of publication, distribution, etc. 1988
300 ## - PHYSICAL DESCRIPTION
Extent xiii,(206)p. ; 30cm.
350 ## - PRICE (NR) (BK AM CF MU VM SE) [OBSOLETE]
Price 35
700 ## - ADDED ENTRY--PERSONAL NAME
Personal name Sims, John
700 ## - ADDED ENTRY--PERSONAL NAME
Personal name King, Martin
942 ## - ADDED ENTRY ELEMENTS (KOHA)
Suppress in OPAC 0
948 ## - LOCAL PROCESSING INFORMATION (OCLC); SERIES PART DESIGNATOR (RLIN)
c (OCLC) 04/03/1997
Holdings
Withdrawn status Lost status Source of classification or shelving scheme Damaged status Not for loan Home library Current library Shelving location Date acquired Cost, normal purchase price Total Checkouts Full call number Barcode Date last seen Date last checked out Copy number Cost, replacement price Price effective from Koha item type
    Dewey Decimal Classification     London London Folio 14/09/1999 35.00 9 F658.99 30017789 06/08/2019 19/10/2009 2 35.00 06/08/2019 Book